| 000 | 00513nam a2200181Ia 4500 | ||
|---|---|---|---|
| 005 | 20250317131515.0 | ||
| 008 | 008 250317s9999 xx 000 0 eng d | ||
| 037 | _aTextbook | ||
| 040 |
_aFMSL _beng _cFMSL |
||
| 041 |
_aeng _2eng |
||
| 084 |
_aX:74 L8 _qFMSL |
||
| 100 |
_aAdhikari M _9214288 |
||
| 245 | 0 | _aEconomic environment of business | |
| 260 |
_aNew Delhi _bNew Delhi, Sultan Chand And Sons _c1978 |
||
| 300 | _a480p | ||
| 942 |
_cTB _hX:74 L8 |
||
| 999 |
_c1268413 _d1268413 |
||